Sri Lanka Trivia Quiz - Statistieken

Algemene statistieken
  • Deze quiz is 348 keer genomen
  • De gemiddelde score is 9 van 17
Antwoordstatistieken
Hint Antwoord % Correct
Hoofdstad Sri Jayewardenapura Kotte
87%
Meest bevolkte stad Colombo
80%
Meest populaire sport Cricket
78%
Land waarvan Sri Lanka in 1948 onafhankelijk werd Verenigd Koninkrijk
78%
Dier op de vlag Leeuw
67%
Meest voorkomende religie Boeddhisme
65%
In 1960 werd Sirimavo Bandaranaike de eerste _____ premier ter wereld vrouwelijke
63%
Koloniale naam van Sri Lanka Ceylon
62%
Officiële talen Tamil
50%
Golf ten noordoosten van Sri Lanka Golf van {Bengalen}
45%
In 2016 werd Sri Lanka vrij verklaard van deze ziekte Malaria
42%
Product dat goed is voor 7% van de export van Sri Lanka Thee
42%
Valuta van Sri Lanka Roepie
41%
Betekenis van het woord "Lanka" Eiland
38%
Grootste stad in centraal Sri Lanka Kandy
33%
Officiële talen Sinhala
32%
Keten van eilanden en ondiepe wateren die India en Sri Lanka met elkaar verbinden {Adam}sbrug
13%
Geen overeenkomende quizzen gevonden
Scoreverdeling
Procent van Mensen met Elke Score
Percentiel versus Aantal Correcte Antwoorden
Uw Scoregeschiedenis
U heeft deze quiz nog niet genomen